000 00307nam a2200133 i 4500
001 bg
100 1 _aHOLDEN, Herbert L.
245 0 _aIntroduction to FORTRAN /
_cHerbert Holden.
260 _aLondon,
_c1970.
040 _cBPK
041 _apol
942 _cKS
008 s pl f |000 0 pol
999 _c27112
_d27112
856 _uhttp://koha.tu.koszalin.pl/cgi-bin/koha/opac-detail.pl?biblionumber=27112
_yKatalog online BPK